[Event "TCh-FRA Top 12 2018"]
[Site "Brest FRA"]
[Date "2018.06.04"]
[Round "10.4"]
[Board "8"]
[White "Aflalo, Sophie"]
[Black "Leroy, Didier"]
[Result "1/2-1/2"]
[BlackTitle "IM"]
[WhiteElo "2104"]
[BlackElo "2297"]
[WhiteTeam "Tremblay en France"]
[BlackTeam "Evry Grand Roque"]
[WhiteFideId "656887"]
[BlackFideId "610950"]
[EventDate "2018.05.26"]

1. d4 Nf6 2. Bg5 Ne4 3. Bf4 c5 4. f3 Qa5+ 5. c3 Nf6 6. d5 Qb6 7. b3 d6 8. e4 g6
9. Bd3 Bg7 10. Ne2 Nbd7 11. Na3 a6 12. Nc4 Qc7 13. a4 b6 14. O-O O-O 15. Qd2 Rb8
16. Bh6 Bxh6 17. Qxh6 b5 18. axb5 axb5 19. Na3 c4 20. bxc4 Ne5 21. Qe3 bxc4 22.
Bc2 Ba6 23. Nd4 Qc5 24. Ba4 Rb2 25. Nac2 Nd3 26. Nc6 e6 27. dxe6 fxe6 28. N6d4
Bc8 29. Rfb1 Nh5 30. Bc6 Nhf4 31. Rxb2 Nxb2 32. g3 Nfd3 33. Kg2 Ne5 34. Ba8 Bd7
35. Qg5 Na4 36. Rxa4 Bxa4 37. Nxe6 Nxf3 38. Qxc5 dxc5 39. Nxf8 Nd2 40. Ne6 Bxc2
41. Nxc5 Kf8 42. Bd5 Ke7 43. e5 Nb1 44. Bxc4 Nxc3 45. Kf3 h6 46. Ke3 Bf5 47. h4
g5 48. Kd4 Nd1 49. Ne4 gxh4 50. gxh4 Nb2 51. Be2 Na4 52. Nf6 Be6 53. Bf3 Nb6 54.
Bc6 Nc8 55. Kc5 Kf7 56. h5 Bb3 57. Bd7 Ne7 58. Kd6 Kf8 1/2-1/2

[Event "TCh-FRA Top 12 2018"]
[Site "Brest FRA"]
[Date "2018.06.04"]
[Round "10.5"]
[Board "1"]
[White "Van Foreest, Jorden"]
[Black "Lagarde, Maxime"]
[Result "1/2-1/2"]
[WhiteTitle "GM"]
[BlackTitle "GM"]
[WhiteElo "2638"]
[BlackElo "2604"]
[WhiteTeam "CLICHY Echecs 92"]
[BlackTeam "NICE Alekhine"]
[WhiteFideId "1039784"]
[BlackFideId "662399"]
[EventDate "2018.05.26"]

1. e4 c5 2. Nf3 Nc6 3. Bb5 g6 4. Bxc6 bxc6 5. O-O Bg7 6. Re1 Nh6 7. c3 O-O 8. d4
Qb6 9. dxc5 Qxc5 10. h3 f6 11. Be3 Qa5 12. c4 Nf7 13. Nc3 e5 14. a3 f5 15. b4
Qd8 16. Ra2 d6 17. b5 fxe4 18. Nxe4 d5 19. Rd2 d4 20. Nxd4 exd4 21. Bxd4 Bxd4
22. Rxd4 Qe7 23. bxc6 Ng5 24. Qd2 Nxe4 25. Rdxe4 Qf6 26. Re7 Rb8 27. Qh6 Qxf2+
28. Kh2 Qf4+ 29. Qxf4 Rxf4 30. Rxa7 Bf5 31. Ree7 g5 32. Rg7+ Kh8 33. Rxg5 Rg8
34. Rxg8+ Kxg8 35. c5 Rc4 36. g4 Be6 37. Re7 Bf7 38. Re5 Ra4 39. c7 Ra8 40. Re7
Kf8 41. Rd7 Ke8 42. c6 Bg6 43. g5 Bf5 44. Rd5 Be6 45. Rb5 Kf7 46. Rb7 Rc8 47.
Rb8 Rxc7 48. Rb7 Re7 49. h4 Bd5 50. h5 Rxb7 51. g6+ hxg6 52. hxg6+ Kxg6 53. cxb7
Bxb7 1/2-1/2

[Event "TCh-FRA Top 12 2018"]
[Site "Brest FRA"]
[Date "2018.06.04"]
[Round "10.5"]
[Board "2"]
[White "Eljanov, Pavel"]
[Black "Fressinet, Laurent"]
[Result "1/2-1/2"]
[WhiteTitle "GM"]
[BlackTitle "GM"]
[WhiteElo "2702"]
[BlackElo "2651"]
[WhiteTeam "NICE Alekhine"]
[BlackTeam "CLICHY Echecs 92"]
[WhiteFideId "14102951"]
[BlackFideId "608742"]
[EventDate "2018.05.26"]

1. e4 e5 2. Nf3 Nc6 3. Bc4 Bc5 4. d3 Nf6 5. a4 d6 6. c3 a6 7. Bg5 h6 8. Bh4 Ba7
9. Nbd2 g5 10. Bg3 O-O 11. Qe2 Kg7 12. h4 g4 13. Nh2 Ne7 14. h5 Nxh5 15. Nxg4
Nxg3 16. fxg3 Ng8 17. Ne3 Qg5 18. Nef1 Ne7 19. Nf3 Qg6 20. O-O-O f5 21. Bb3 b5 1/2-1/2

[Event "TCh-FRA Top 12 2018"]
[Site "Brest FRA"]
[Date "2018.06.04"]
[Round "10.5"]
[Board "3"]
[White "Tregubov, Pavel V."]
[Black "Gharamian, Tigran"]
[Result "1/2-1/2"]
[WhiteTitle "GM"]
[BlackTitle "GM"]
[WhiteElo "2578"]
[BlackElo "2614"]
[WhiteTeam "CLICHY Echecs 92"]
[BlackTeam "NICE Alekhine"]
[WhiteFideId "4115341"]
[BlackFideId "13301527"]
[EventDate "2018.05.26"]

1. c4 e6 2. Nc3 d5 3. d4 Nf6 4. cxd5 Nxd5 5. e4 Nxc3 6. bxc3 c5 7. Rb1 cxd4 8.
cxd4 Nc6 9. Bb5 a6 10. Bxc6+ bxc6 11. Nf3 c5 12. O-O Be7 13. Ba3 cxd4 14. Bxe7
Qxe7 15. Qxd4 O-O 16. Rfd1 Bb7 17. Qb4 Qxb4 18. Rxb4 Rfd8 19. Rxd8+ Rxd8 20. Kf1
Bc6 21. Ke1 Kf8 22. Nd4 Be8 23. Nb3 g5 24. f3 h6 25. Rb6 a5 26. Nxa5 Ra8 27. Nc4
Rxa2 28. Rb8 Ke7 29. Rb7+ Kf6 30. Nd6 Ra8 31. g3 Rd8 32. f4 gxf4 33. gxf4 Kg6
34. e5 Bc6 35. Rxf7 Rxd6 36. Re7 Rd4 37. Rxe6+ Kf5 38. Rxc6 1/2-1/2

[Event "TCh-FRA Top 12 2018"]
[Site "Brest FRA"]
[Date "2018.06.04"]
[Round "10.5"]
[Board "4"]
[White "Stevic, Hrvoje"]
[Black "Van Wely, Loek"]
[Result "1/2-1/2"]
[WhiteTitle "GM"]
[BlackTitle "GM"]
[WhiteElo "2588"]
[BlackElo "2667"]
[WhiteTeam "NICE Alekhine"]
[BlackTeam "CLICHY Echecs 92"]
[WhiteFideId "14502569"]
[BlackFideId "1000268"]
[EventDate "2018.05.26"]

1. e4 c5 2. c3 Nf6 3. e5 Nd5 4. Nf3 e6 5. Bc4 d6 6. d4 cxd4 7. cxd4 Be7 8. O-O
Nc6 9. exd6 Qxd6 10. Nc3 O-O 11. Re1 Rd8 12. Bb3 a6 13. Nxd5 exd5 14. Ne5 Nxe5
15. Bf4 Bg4 16. Bxe5 Bxd1 17. Bxd6 Rxd6 18. Raxd1 1/2-1/2

[Event "TCh-FRA Top 12 2018"]
[Site "Brest FRA"]
[Date "2018.06.04"]
[Round "10.5"]
[Board "5"]
[White "Kosteniuk, Alexandra"]
[Black "Wagner, Dennis"]
[Result "1/2-1/2"]
[WhiteTitle "GM"]
[BlackTitle "GM"]
[WhiteElo "2555"]
[BlackElo "2567"]
[WhiteTeam "CLICHY Echecs 92"]
[BlackTeam "NICE Alekhine"]
[WhiteFideId "4128125"]
[BlackFideId "24650684"]
[EventDate "2018.05.26"]

1. e4 e5 2. Nf3 Nc6 3. Bc4 Bc5 4. d3 Nf6 5. Bg5 h6 6. Bh4 d6 7. c3 g5 8. Bg3 a6
9. a4 Ba7 10. Nbd2 O-O 11. h4 g4 12. Nh2 Kg7 13. Qe2 Bd7 14. Ndf1 b5 15. Bb3 b4
16. Ne3 Rb8 17. Bd1 bxc3 18. bxc3 h5 19. O-O Ne7 20. Qd2 Nh7 21. d4 exd4 22.
cxd4 f5 23. exf5 Nxf5 24. Nxf5+ Bxf5 25. Be2 Nf6 26. Qg5+ Bg6 27. Bf4 Ng8 28.
Qxd8 Rbxd8 29. Be3 a5 30. Rac1 Rf7 31. Rfe1 Nh6 32. Bg5 g3 33. fxg3 Bxd4+ 34.
Kh1 Nf5 35. Nf1 Re8 36. Bc4 Rxe1 37. Rxe1 Rf8 38. Kh2 Rb8 39. Bd2 Ra8 40. Kh3 c6
41. Be6 Be5 42. g4 hxg4+ 43. Kxg4 Nd4 44. h5 Bxh5+ 45. Kxh5 Nxe6 46. Ne3 Nf4+
47. Kg5 Nd3 48. Rf1 Rg8 49. Ng4 Kh7+ 50. Kh5 Rg7 51. Rf3 Nc5 1/2-1/2

[Event "TCh-FRA Top 12 2018"]
[Site "Brest FRA"]
[Date "2018.06.04"]
[Round "10.5"]
[Board "6"]
[White "Flear, Glenn C"]
[Black "Delorme, Axel"]
[Result "1-0"]
[WhiteTitle "GM"]
[BlackTitle "GM"]
[WhiteElo "2444"]
[BlackElo "2527"]
[WhiteTeam "NICE Alekhine"]
[BlackTeam "CLICHY Echecs 92"]
[WhiteFideId "400165"]
[BlackFideId "632023"]
[EventDate "2018.05.26"]

1. d4 d5 2. c4 e6 3. Nc3 Nf6 4. cxd5 exd5 5. Bg5 c6 6. e3 h6 7. Bh4 Be6 8. Bd3
Nbd7 9. Nge2 g5 10. Bg3 Nh5 11. Qc2 Nxg3 12. Nxg3 h5 13. O-O-O h4 14. Nf5 Qa5
15. Kb1 O-O-O 16. g4 Kb8 17. f3 Nb6 18. h3 Bxf5 19. gxf5 Bd6 20. Rhe1 Bg3 21.
Re2 Rhe8 22. Qb3 f6 23. Rc1 Re7 24. a3 Ka8 25. Ka2 c5 26. dxc5 Qxc5 27. Rcc2
Rde8 28. Ne4 Qxc2 29. Rxc2 dxe4 30. Bxe4 g4 31. hxg4 h3 32. g5 h2 33. Rc1 fxg5
34. f6 Rc7 35. Rh1 Nc4 36. Bxb7+ Rxb7 37. Qxc4 Be5 38. b4 Rd8 39. f7 Rd2+ 40.
Kb3 Bd6 41. Qc8+ 1-0

[Event "TCh-FRA Top 12 2018"]
[Site "Brest FRA"]
[Date "2018.06.04"]
[Round "10.5"]
[Board "7"]
[White "Barbot, Pierre1"]
[Black "Demuth, Adrien"]
[Result "1/2-1/2"]
[WhiteTitle "IM"]
[BlackTitle "GM"]
[WhiteElo "2421"]
[BlackElo "2542"]
[WhiteTeam "CLICHY Echecs 92"]
[BlackTeam "NICE Alekhine"]
[WhiteFideId "663727"]
[BlackFideId "642274"]
[EventDate "2018.05.26"]

1. d4 d5 2. Nf3 e6 3. c4 c5 4. cxd5 exd5 5. Nc3 Nc6 6. dxc5 d4 7. Na4 Bxc5 8.
Nxc5 Qa5+ 9. Qd2 Qxc5 10. a3 Nge7 11. b4 Qb6 12. e3 dxe3 13. Qxe3 O-O 14. Bc4
Bg4 15. O-O Nf5 16. Qxb6 1/2-1/2

[Event "TCh-FRA Top 12 2018"]
[Site "Brest FRA"]
[Date "2018.06.04"]
[Round "10.5"]
[Board "8"]
[White "Bollengier, Andreea"]
[Black "Guichard, Pauline"]
[Result "0-1"]
[WhiteTitle "WIM"]
[BlackTitle "WGM"]
[WhiteElo "2260"]
[BlackElo "2303"]
[WhiteTeam "NICE Alekhine"]
[BlackTeam "CLICHY Echecs 92"]
[WhiteFideId "1203347"]
[BlackFideId "639370"]
[EventDate "2018.05.26"]

1. e4 e5 2. Nf3 Nc6 3. Nc3 g6 4. d4 exd4 5. Nxd4 Bg7 6. Nde2 Nf6 7. g3 O-O 8.
Bg2 Re8 9. O-O d6 10. h3 Bd7 11. Be3 b5 12. a3 a5 13. Nf4 Rb8 14. Nfd5 b4 15.
axb4 axb4 16. Nxf6+ Bxf6 17. Nd5 Bxb2 18. Rb1 Bg7 19. Qd2 Ne5 20. Rxb4 Bxh3 21.
Bg5 Qd7 22. Rxb8 Rxb8 23. f4 Bxg2 24. Kxg2 Ng4 25. f5 f6 26. fxg6 fxg5 27. gxh7+
Kh8 28. Qxg5 Qe6 29. Rf4 Ne5 30. Nxc7 Qc4 31. Qe7 Qxc2+ 32. Kh3 Qd1 33. Kg2 Ng6
34. Rf1 Rb2+ 0-1

[Event "TCh-FRA Top 12 2018"]
[Site "Brest FRA"]
[Date "2018.06.04"]
[Round "10.6"]
[Board "2"]
[White "Cornette, Matthieu"]
[Black "Feller, Sebastien"]
[Result "1/2-1/2"]
[WhiteTitle "GM"]
[BlackTitle "GM"]
[WhiteElo "2600"]
[BlackElo "2574"]
[WhiteTeam "C.E. de BOIS COLOMBES"]
[BlackTeam "Metz Fischer"]
[WhiteFideId "620084"]
[BlackFideId "634654"]
[EventDate "2018.05.26"]

1. e4 c6 2. d4 d5 3. e5 Bf5 4. h4 h5 5. Bd3 Bxd3 6. Qxd3 e6 7. Bg5 Qb6 8. Nd2
Qa6 9. c4 Ne7 10. b3 Nf5 11. Ngf3 Nd7 12. O-O Bb4 13. Rfc1 O-O 14. a3 Bxd2 15.
Qxd2 Rfc8 16. a4 b6 17. Ra2 Qb7 18. cxd5 exd5 19. Qf4 g6 20. g4 hxg4 21. Qxg4 c5
22. h5 cxd4 23. hxg6 fxg6 24. Re1 Re8 25. e6 Nc5 26. Bf6 Qh7 27. Nxd4 Nxd4 28.
Bxd4 Qh5 29. Qxh5 gxh5 30. Bxc5 bxc5 31. f4 Kg7 32. Rh2 Rab8 33. Rxh5 Rxb3 34.
Rxd5 Kf6 35. Rxc5 Rxe6 36. Rxe6+ Kxe6 37. Kf2 Rb4 38. f5+ Kf6 39. Ra5 Rf4+ 40.
Ke3 Rxf5 41. Rxa7 Ke6 42. Ke4 1/2-1/2

[Event "TCh-FRA Top 12 2018"]
[Site "Brest FRA"]
[Date "2018.06.04"]
[Round "10.6"]
[Board "4"]
[White "Laznicka, Viktor"]
[Black "Antoniewski, Rafal"]
[Result "1-0"]
[WhiteTitle "GM"]
[BlackTitle "GM"]
[WhiteElo "2671"]
[BlackElo "2521"]
[WhiteTeam "C.E. de BOIS COLOMBES"]
[BlackTeam "Metz Fischer"]
[WhiteFideId "316385"]
[BlackFideId "1111078"]
[EventDate "2018.05.26"]

1. d4 Nf6 2. c4 g6 3. Nf3 Bg7 4. g3 O-O 5. Bg2 d5 6. cxd5 Nxd5 7. O-O c5 8. e4
Nf6 9. e5 Nd5 10. dxc5 Na6 11. a3 Nxc5 12. b4 Ne6 13. Qb3 Nb6 14. Rd1 Qc7 15.
Nc3 Qc4 16. Qb2 Bd7 17. Be3 Na4 18. Nxa4 Bxa4 19. Rac1 Qb5 20. Bf1 Qe8 21. Rd2
Bb5 22. Bg2 Qb8 23. Qb3 Rd8 24. a4 Bc6 25. b5 Bxf3 26. Rxd8+ Nxd8 27. Bxf3 Qxe5
28. Qd3 Ne6 29. Bxb7 Rd8 30. Qe4 Qxe4 31. Bxe4 Bd4 32. a5 Bxe3 33. fxe3 Rd7 34.
Kf1 Kg7 35. Ke2 Rc7 36. Rb1 Rc8 37. Bd5 Nd8 38. Kd3 Kf6 39. b6 axb6 40. Rxb6+
Ke5 41. Rb5 Kd6 42. a6 Nc6 43. Bg2 Na7 44. Rb6+ Kd7 45. Rb7+ Rc7 46. Kd4 Kd6 47.
Rxc7 Kxc7 48. Kc5 Nc8 49. Bd5 f6 50. Bg8 h6 51. Bf7 g5 52. g4 Nb6 53. Be8 Nc8
54. Bc6 Kb8 55. Bb5 Kc7 56. Kd5 Nd6 57. Bd3 Nf7 58. Ke6 Ne5 59. Be2 Ng6 60. Kf7
Nh4 61. e4 Ng2 62. Kxe7 Nf4 63. Bf1 h5 64. Kxf6 1-0

[Event "TCh-FRA Top 12 2018"]
[Site "Brest FRA"]
[Date "2018.06.04"]
[Round "10.6"]
[Board "6"]
[White "Dionisi, Thomas"]
[Black "Vitoux, Colomban"]
[Result "1-0"]
[WhiteTitle "FM"]
[BlackTitle "IM"]
[WhiteElo "2399"]
[BlackElo "2384"]
[WhiteTeam "C.E. de BOIS COLOMBES"]
[BlackTeam "Metz Fischer"]
[WhiteFideId "651893"]
[BlackFideId "628549"]
[EventDate "2018.05.26"]

1. e4 c5 2. Nf3 e6 3. c3 d5 4. e5 d4 5. g3 Nc6 6. Bg2 Nge7 7. O-O Nf5 8. d3 Be7
9. Qe2 h5 10. h4 b6 11. Nbd2 dxc3 12. bxc3 Ba6 13. Nc4 Qd7 14. Rd1 Rd8 15. Bf4
f6 16. Rd2 Kf7 17. Re1 b5 18. exf6 gxf6 19. Ng5+ Kg6 20. Nxe6 bxc4 21. dxc4 Bd6
22. Nxd8 Rxd8 23. Be4 Ne5 24. Bxe5 fxe5 25. g4 1-0

[Event "TCh-FRA Top 12 2018"]
[Site "Brest FRA"]
[Date "2018.06.04"]
[Round "10.6"]
[Board "7"]
[White "Benmesbah, Natacha"]
[Black "Travadon, Loic"]
[Result "0-1"]
[WhiteTitle "WIM"]
[BlackTitle "FM"]
[WhiteElo "2264"]
[BlackElo "2377"]
[WhiteTeam "Metz Fischer"]
[BlackTeam "C.E. de BOIS COLOMBES"]
[WhiteFideId "642002"]
[BlackFideId "26092131"]
[EventDate "2018.05.26"]

1. e4 c6 2. c4 d5 3. exd5 cxd5 4. d4 Nf6 5. Nc3 g6 6. Nf3 Bg7 7. h3 O-O 8. Bd3
dxc4 9. Bxc4 a6 10. O-O b5 11. Bb3 Nc6 12. a3 Bb7 13. Ba2 Rc8 14. Re1 e6 15. Bg5
h6 16. Bf4 Ne7 17. Qd2 Bxf3 18. gxf3 Nh5 19. Bxh6 Bxh6 20. Qxh6 Nf5 21. Qd2 Qh4
22. Re4 Qxh3 23. Qg5 Qxf3 24. Rae1 Kg7 25. Bb3 Rh8 26. Bd1 Nf4 27. Qxg6+ fxg6
28. Bxf3 Nh3+ 29. Kf1 Ng5 30. Bg2 Nxe4 31. Rxe4 Kf6 32. d5 e5 33. Rg4 Rc4 34.
Rxc4 bxc4 35. Be4 Rb8 36. Nd1 Nd6 37. Bc2 Rb5 38. Ke2 Rxd5 39. Nc3 Rd4 40. Ke3
g5 41. f3 a5 42. Ke2 g4 43. fxg4 Rxg4 44. Nd5+ Ke6 45. Ne3 Rh4 46. Kd2 Rh2+ 47.
Kc3 Rh3 48. Kd2 e4 49. Bd1 Ke5 50. Be2 Kd4 51. Nc2+ Kc5 52. Ne3 Rh2 53. Ng4 Rh8
54. Ne5 Rh3 55. Kc2 Kd5 56. Nd7 Kd4 57. Nb6 Rh2 58. Kd2 e3+ 59. Kd1 Rg2 60. Na4
Ne4 61. Bf3 Rd2+ 62. Ke1 Nf2 63. Bh5 Nd3+ 64. Kf1 Rf2+ 0-1

[Event "TCh-FRA Top 12 2018"]
[Site "Brest FRA"]
[Date "2018.06.04"]
[Round "10.6"]
[Board "8"]
[White "Leconte, Maria"]
[Black "Monpeurt, Cyrielle"]
[Result "1/2-1/2"]
[WhiteTitle "WGM"]
[BlackTitle "WFM"]
[WhiteElo "2208"]
[BlackElo "2168"]
[WhiteTeam "C.E. de BOIS COLOMBES"]
[BlackTeam "Metz Fischer"]
[WhiteFideId "618446"]
[BlackFideId "677400"]
[EventDate "2018.05.26"]

1. c4 c5 2. Nf3 Nc6 3. d4 cxd4 4. Nxd4 Nf6 5. Nc3 e6 6. e3 d5 7. Be2 Be7 8. O-O
O-O 9. cxd5 exd5 10. b3 Ne5 11. Bb2 Bd6 12. Nf3 Be6 13. Nb5 Nxf3+ 14. Bxf3 Bb8
15. Qd4 a6 16. Nc3 Qd6 17. g3 Qe5 18. Ne2 Qg5 19. Nf4 Ba7 20. Qe5 Qxe5 21. Bxe5
Ne4 22. Rfd1 Rfd8 23. Rac1 Bb6 24. Kg2 Kf8 25. Bc7 Bxc7 26. Rxc7 b5 27. b4 Rac8
28. Rxc8 Rxc8 29. Nxd5 Nc3 30. Rd2 Bxd5 31. Bxd5 1/2-1/2

[Event "TCh-FRA Top 12 2018"]
[Site "Brest FRA"]
[Date "2018.06.05"]
[Round "11.1"]
[Board "1"]
[White "Rodshtein, Maxim"]
[Black "Fedorchuk, Sergey A."]
[Result "1/2-1/2"]
[WhiteTitle "GM"]
[BlackTitle "GM"]
[WhiteElo "2678"]
[BlackElo "2637"]
[WhiteTeam "BISCHWILLER"]
[BlackTeam "Evry Grand Roque"]
[WhiteFideId "2806851"]
[BlackFideId "14102536"]
[EventDate "2018.05.26"]

1. d4 Nf6 2. c4 e6 3. Nf3 b6 4. g3 Bb4+ 5. Bd2 c5 6. Bg2 Bb7 7. Bxb4 cxb4 8. O-O
O-O 9. Qd3 d6 10. Nbd2 Re8 11. e4 e5 12. Ne1 Nc6 13. Nc2 a5 14. Rad1 Qc7 15.
Rfe1 Rac8 16. b3 Qb8 17. Nf1 Ba6 18. Nfe3 b5 19. cxb5 Bxb5 20. Qd2 Ne7 21. a3
Rc3 22. axb4 axb4 23. Nxb4 Rxb3 24. Rb1 Rxb1 25. Rxb1 Bd7 26. Ra1 Rc8 27. h3 h6
28. Ra6 Be6 29. Kh2 h5 30. dxe5 dxe5 31. Nbd5 Nexd5 32. exd5 Bd7 33. d6 Be6 34.
Ra8 Qb3 35. Rxc8+ Bxc8 36. Qa5 Qe6 37. Qc5 Bd7 38. Nc4 e4 39. Nb6 g6 40. Qc7 h4
41. Nxd7 hxg3+ 42. fxg3 Nxd7 43. Qd8+ Nf8 44. d7 1/2-1/2

[Event "TCh-FRA Top 12 2018"]
[Site "Brest FRA"]
[Date "2018.06.05"]
[Round "11.1"]
[Board "2"]
[White "Moussard, Jules"]
[Black "Maze, Sebastien"]
[Result "1/2-1/2"]
[WhiteTitle "GM"]
[BlackTitle "GM"]
[WhiteElo "2570"]
[BlackElo "2615"]
[WhiteTeam "Evry Grand Roque"]
[BlackTeam "BISCHWILLER"]
[WhiteFideId "642908"]
[BlackFideId "613762"]
[EventDate "2018.05.26"]

1. d4 Nf6 2. Nf3 g6 3. c4 Bg7 4. e3 d6 5. Be2 O-O 6. O-O c5 7. b3 cxd4 8. exd4
d5 9. Bb2 Nc6 10. Nbd2 Bg4 1/2-1/2

[Event "TCh-FRA Top 12 2018"]
[Site "Brest FRA"]
[Date "2018.06.05"]
[Round "11.1"]
[Board "4"]
[White "Oratovsky, Michael"]
[Black "Naiditsch, Arkadij"]
[Result "0-1"]
[WhiteTitle "GM"]
[BlackTitle "GM"]
[WhiteElo "2456"]
[BlackElo "2697"]
[WhiteTeam "Evry Grand Roque"]
[BlackTeam "BISCHWILLER"]
[WhiteFideId "2802090"]
[BlackFideId "4650891"]
[EventDate "2018.05.26"]

1. e4 c5 2. Nf3 e6 3. g3 Nc6 4. Bg2 Nf6 5. d3 d5 6. Nbd2 Be7 7. O-O O-O 8. c3 a5
9. a4 b6 10. Re1 Ba6 11. exd5 exd5 12. Nb3 h6 13. Bf4 Bd6 14. Ne5 Bxe5 15. Bxe5
Nxe5 16. Rxe5 Qc7 17. d4 Rae8 18. Rxe8 Rxe8 19. Nc1 cxd4 20. cxd4 Qc4 21. Bf1
Qxf1+ 22. Qxf1 Bxf1 23. Kxf1 Rc8 24. Nd3 Rc4 25. Ke2 Rxd4 26. b3 Re4+ 27. Kd1 g5
28. Rc1 Re6 29. Rc7 Kg7 30. f4 Kg6 31. Ne5+ Kf5 32. Nxf7 gxf4 33. gxf4 Ng4 34.
Nd8 Rf6 35. Rc2 0-1

[Event "TCh-FRA Top 12 2018"]
[Site "Brest FRA"]
[Date "2018.06.05"]
[Round "11.1"]
[Board "5"]
[White "Ragger, Markus"]
[Black "Leroy, Didier"]
[Result "1-0"]
[WhiteTitle "GM"]
[BlackTitle "IM"]
[WhiteElo "2672"]
[BlackElo "2297"]
[WhiteTeam "BISCHWILLER"]
[BlackTeam "Evry Grand Roque"]
[WhiteFideId "1610856"]
[BlackFideId "610950"]
[EventDate "2018.05.26"]

1. e4 c5 2. Nf3 Nc6 3. d4 cxd4 4. Nxd4 e6 5. Nc3 a6 6. Bf4 d6 7. Bg3 Nf6 8. Nxc6
bxc6 9. e5 Nd5 10. Ne4 dxe5 11. Bxe5 f6 12. Bg3 e5 13. c4 Bb4+ 14. Nd2 Ne7 15.
a3 Bc5 16. Qh5+ g6 17. Qf3 Bf5 18. Nb3 Ba7 19. Be2 Rb8 20. O-O Qb6 21. Nd2 Qxb2
22. Ne4 O-O 23. c5 Qd4 24. Nd6 Qxc5 25. Nxf5 Nxf5 26. Bxa6 Kg7 27. Rac1 Nd4 28.
Qd3 Qa5 29. Bc4 Rfd8 30. Qe4 Qxa3 31. Kh1 Re8 32. Ra1 Qc5 33. Rfc1 Re7 34. f3
Rb2 35. Qe3 Qb4 36. Be1 Qb8 37. Qa3 Rbb7 38. Ba6 Nb5 39. Qa2 Rbc7 40. Bb4 Red7
41. Qe6 Nd4 42. Qc4 c5 43. Be1 Rd6 44. Rab1 Rb6 45. Qa2 Rd7 46. Bc4 Rxb1 47.
Rxb1 Rb7 48. Rxb7+ Qxb7 49. h4 h5 50. Qa4 Qe7 51. Ba2 Bb8 52. Qc4 Qf8 53. Qd5
Bd6 54. Bf2 Nf5 55. Qb7+ Qe7 56. Qd5 Nh6 57. Be3 Nf7 58. Bc4 f5 59. Kg1 f4 60.
Bf2 Nh6 61. Kh2 Kf6 62. Qc6 Kg7 63. Qd5 Nf5 64. Qg8+ Kf6 65. Qh8+ Ng7 66. Qg8
Ne6 67. Be1 Qf7 68. Qh8+ Qg7 69. Qc8 Nf8 70. Ba5 Qd7 71. Qa8 Be7 72. Bc3 Qd6 73.
Qe8 Ne6 74. Qg8 Qc6 75. Qh8+ Ng7 76. Qh6 Ne6 77. Qh8+ Ng7 78. Qb8 Qd6 79. Qg8
Ne6 80. Bb2 Qd7 81. Qh8+ Ng7 82. Qh6 Qf5 83. Bd5 Bd6 84. Be4 1-0

[Event "TCh-FRA Top 12 2018"]
[Site "Brest FRA"]
[Date "2018.06.05"]
[Round "11.1"]
[Board "6"]
[White "Milliet, Sophie"]
[Black "Le Roux, Jean-Pierre"]
[Result "0-1"]
[WhiteTitle "IM"]
[BlackTitle "GM"]
[WhiteElo "2391"]
[BlackElo "2557"]
[WhiteTeam "Evry Grand Roque"]
[BlackTeam "BISCHWILLER"]
[WhiteFideId "623725"]
[BlackFideId "609404"]
[EventDate "2018.05.26"]

1. e4 Nf6 2. e5 Nd5 3. d4 d6 4. Nf3 dxe5 5. Nxe5 c6 6. Be2 g6 7. c4 Nc7 8. Nc3
Bg7 9. Be3 Nd7 10. f4 O-O 11. O-O Ne6 12. Nxd7 Bxd7 13. d5 cxd5 14. cxd5 Nc7 15.
Qb3 Ne8 16. Ne4 Bf5 17. Nc5 Rb8 18. Rfd1 Nd6 19. Qa3 a5 20. Rac1 h5 21. Nb3 Be4
22. Nd4 Bxd5 23. Nb5 Nf5 24. Ba7 e6 25. Nc7 Rc8 26. Bb6 Qf6 27. Nxd5 exd5 28.
Rxc8 Rxc8 29. Qxa5 Qxb2 30. Qb5 Qxa2 31. Bf3 Qc4 32. Qxd5 Qxf4 33. Qe4 Qg5 34.
Qxb7 Rc1 35. Qd5 Qf4 36. Bf2 Bd4 37. Bxd4 Rxd1+ 38. Bxd1 Nxd4 39. Qd8+ Kg7 40.
Qe7 Ne6 41. Bf3 Qe3+ 42. Kf1 Qd3+ 43. Kf2 Qd4+ 44. Kf1 Qf4 45. h3 Ng5 46. Qe2
Nxf3 47. gxf3 Qg3 48. Qb2+ f6 49. Qb7+ Kh6 50. Ke2 Qxh3 51. Qf7 Qh2+ 52. Ke3
Qe5+ 53. Kf2 h4 54. Qg8 Qg3+ 55. Ke3 h3 56. Qh8+ Kg5 57. Ke2 h2 0-1

[Event "TCh-FRA Top 12 2018"]
[Site "Brest FRA"]
[Date "2018.06.05"]
[Round "11.1"]
[Board "7"]
[White "Pelletier, Yannick"]
[Black "Manouck, Thierry"]
[Result "1/2-1/2"]
[WhiteTitle "GM"]
[BlackTitle "IM"]
[WhiteElo "2550"]
[BlackElo "2195"]
[WhiteTeam "BISCHWILLER"]
[BlackTeam "Evry Grand Roque"]
[WhiteFideId "1301837"]
[BlackFideId "600873"]
[EventDate "2018.05.26"]

1. d4 Nf6 2. Nf3 c5 3. d5 b5 4. c4 Bb7 5. Nbd2 bxc4 6. e4 e6 7. dxe6 fxe6 8. e5
Nd5 9. Nxc4 Be7 10. g3 Nb6 11. Na5 Bd5 12. Bg2 Qc7 13. O-O Nc6 14. Nxc6 Qxc6 15.
b3 a5 16. Be3 O-O 17. Ne1 a4 18. Rc1 axb3 19. axb3 Ra2 20. Rc2 Rxc2 21. Qxc2 Qb5
22. Bxd5 Nxd5 23. Nd3 Nxe3 24. fxe3 Rxf1+ 25. Kxf1 Qb7 26. Nf2 Qd5 27. Qc3 Bg5
28. e4 Qc6 29. Ke2 h5 30. h4 Bh6 31. Kf3 g6 32. Nd3 Bf8 33. Nb2 Qa6 34. Nc4 Be7
35. Qa5 Qb7 36. Qb6 Qa8 37. Qa5 Qxa5 38. Nxa5 Kf7 39. Nb7 g5 40. hxg5 Kg6 41.
Na5 Kxg5 42. Nc4 Bd8 43. Nb2 Be7 44. Na4 d6 45. exd6 Bxd6 46. Nb2 h4 47. gxh4+
Kxh4 48. Nd3 Kg5 49. e5 Bf8 50. Ke4 Kg6 51. Nf4+ Kf7 52. Kf3 Bg7 53. Nd3 Bf8 54.
Kg4 Be7 55. Kh5 Bf8 56. Ne1 Be7 57. Nf3 Bd8 58. Nd2 Ba5 59. Nc4 Bc3 60. Kg5 Bd4
61. Kf4 Ke7 62. Ke4 Bg1 63. Nd2 Kd7 64. Nf3 Bf2 65. Ng5 Bg3 66. Nf3 Kc6 67. Ng5
Kd7 68. Nf3 1/2-1/2